Espèces de rhinocéros dans le monde - Statistiques

Statistiques générales
  • Ce quiz a été pris 210 fois
  • Le résultat moyen est 3 sur 5
Statistiques - réponses
Réponse % Correct
Rhinocéros blanc
100%
Rhinocéros noir
91%
Rhinocéros indien
48%
Rhinocéros de Sumatra
47%
Rhinocéros de Java
41%
Aucun quiz correspondant
Distribution des résultats
% des personnes avec chaque résultat
Percentile par nombre de réponses
Votre historique - résultats
Vous n’avez pas pris ce quiz